Técnica económica y gestión industrial / (Registro nro. 5345)
[ vista simple ]
| 000 -LEADER | |
|---|---|
| fixed length control field | 01177nam a2200289Ia 4500 |
| 003 - CONTROL NUMBER IDENTIFIER | |
| control field | OSt |
| 005 - DATE AND TIME OF LATEST TRANSACTION | |
| control field | 20200608171330.0 |
| 008 - FIXED-LENGTH DATA ELEMENTS--GENERAL INFORMATION | |
| fixed length control field | 191128s1964 sp ad fr 001 0 spa d |
| 040 ## - CATALOGING SOURCE | |
| Original cataloging agency | CO-JMCR |
| Transcribing agency | CO-JMCR |
| 041 1# - LANGUAGE CODE | |
| Language code of text/sound track or separate title | spa |
| Language code of original | fr |
| 082 04 - DEWEY DECIMAL CLASSIFICATION NUMBER | |
| Classification number | 330.0151 / |
| Item number | L276t |
| Edition number | 23 |
| 100 1# - MAIN ENTRY--PERSONAL NAME | |
| Personal name | Lesourne, J., |
| Relator term | autor |
| 9 (RLIN) | 5203 |
| 245 10 - TITLE STATEMENT | |
| Title | Técnica económica y gestión industrial / |
| Statement of responsibility, etc. | J. Lesourne ; traducción del francés Francisco Hortelano ; prólogo M. Allais |
| 260 ## - PUBLICATION, DISTRIBUTION, ETC. | |
| Place of publication, distribution, etc. | Madrid : |
| Name of publisher, distributor, etc. | Aguilar, |
| Date of publication, distribution, etc. | 1964 |
| 300 ## - PHYSICAL DESCRIPTION | |
| Extent | xlvii, 630 páginas : |
| Other physical details | gráficos a blanco y negro ; |
| Dimensions | 21 cm. |
| 490 0# - SERIES STATEMENT | |
| Series statement | Biblioteca de economía, administración y problemas de la empresa |
| 500 ## - GENERAL NOTE | |
| General note | Incluye índice alfabético de autores y de materias. |
| 505 0# - FORMATTED CONTENTS NOTE | |
| Formatted contents note | La econometría al servicio de la empresa -- La estructura de los costes -- Los problemas de sintesis |
| 534 ## - ORIGINAL VERSION NOTE | |
| Introductory phrase | Technique economique et gestion industrielle |
| 546 ## - LANGUAGE NOTE | |
| Language note | Traducido del francés |
| 650 14 - SUBJECT ADDED ENTRY--TOPICAL TERM | |
| Topical term or geographic name entry element | Econometría |
| 9 (RLIN) | 5204 |
| 650 14 - SUBJECT ADDED ENTRY--TOPICAL TERM | |
| Topical term or geographic name entry element | Costos de producción |
| 9 (RLIN) | 5205 |
| 650 14 - SUBJECT ADDED ENTRY--TOPICAL TERM | |
| Topical term or geographic name entry element | Ingeniería económica |
| 9 (RLIN) | 5206 |
| 700 1# - ADDED ENTRY--PERSONAL NAME | |
| Personal name | Hortelano, Francisco, |
| Relator term | traductor |
| 9 (RLIN) | 5207 |
| 700 1# - ADDED ENTRY--PERSONAL NAME | |
| Personal name | Allais, M., |
| Relator term | prologuista |
| 9 (RLIN) | 5208 |
| 942 ## - ADDED ENTRY ELEMENTS (KOHA) | |
| Source of classification or shelving scheme | Dewey Decimal Classification |
| Koha item type | Books |
| Withdrawn status | Lost status | Source of classification or shelving scheme | Damaged status | Not for loan | Collection code | Home library | Current library | Date acquired | Source of acquisition | Cost, normal purchase price | Total Checkouts | Full call number | Barcode | Date last seen | Copy number | Koha item type |
|---|---|---|---|---|---|---|---|---|---|---|---|---|---|---|---|---|
| Dewey Decimal Classification | Non-fiction | Biblioteca Pública José María del Castillo y Rada | Biblioteca Pública José María del Castillo y Rada | 04/15/2018 | Donación | 0.00 | 330.0151 / L276t | 430001737 | 05/16/2024 | Ej.1 | Books |